000 00786nam a2200253 a 4500
001 BRL_192
005 20190320210628.0
008 100011s1999 mx-a######---#000-0#spa-#
020 _a9688162272
041 _aspa
044 _amx
050 4 _aF1386.4
_b.T38 1999
100 1 _aTavares López, Edgar
_96720
245 1 0 _aColonia Hipódromo
_cEdgar Tavares López.
260 _aMéxico
_bConsejo de la Crónica de la Ciudad de México, Gobierno de la Ciudad de Mexico
_cc1999
300 _a103 p.
_bil.
_c28 cm.
440 0 _aTu ciudad
_pBarrios y pueblos
_923184
500 _aAu239
504 _aBibliografía: p. 101-103
651 4 _aColonia Hipódromo (Ciudad de México)
_xHistoria
_923185
651 4 _aCiudad de México
_xHistoria
_9691
902 _aGRL
942 _2lcc
_cB
999 _c9005
_d9005